Te vas haciendo hombre­ / (Record no. 95982)

MARC details
000 -LEADER
campo de control de longitud fija 00785nam a2200229 i 4500
001 - NÚMERO DE CONTROL
campo de control 95982
003 - IDENTIFICADOR DE NÚMERO DE CONTROL
campo de control ES-MaACL
005 - FECHA Y HORA DE LA ÚLTIMA TRANSACCIÓN
campo de control 20250828114020.0
007 - CAMPO FIJO DE DESCRIPCIÓN FÍSICA--INFORMACIÓN GENERAL
campo de control de longitud fija t|
008 - DATOS DE LONGITUD FIJA--INFORMACIÓN GENERAL
campo de control de longitud fija 180412s1953 sp ||||1| spa d
100 0# - ENTRADA PRINCIPAL--NOMBRE DE PERSONA
Nombre de persona Jean le Presbytre.
9 (RLIN) 66236
245 10 - MENCIÓN DEL TÍTULO
Título Te vas haciendo hombre­ /
Mención de responsabilidad, etc. Juan el Presbítero ; [adaptación española, José Arbeo].
260 ## - PUBLICACIÓN, DISTRIBUCIÓN, ETC.
Lugar de publicación, distribución, etc. Bilbao :
Nombre del editor, distribuidor, etc. Desclée de Brouwer,
Fecha de publicación, distribución, etc. 1953.
300 ## - DESCRIPCIÓN FÍSICA
Extensión 215 p., 7 lám. p. ;
Dimensiones 19 cm.
490 1# - MENCIÓN DE SERIE
Mención de serie Educación y familia
500 ## - NOTA GENERAL
Nota general El autor consta en el verso de la port.
650 #7 - PUNTO DE ACCESO ADICIONAL DE MATERIA--TÉRMINO DE MATERIA
Término de materia o nombre geográfico como elemento de entrada Educación cristiana de jóvenes
Fuente del encabezamiento o término embne
9 (RLIN) 12091
700 0# - ENTRADA AGREGADA--NOMBRE PERSONAL
Nombre de persona Arbeo, José.
9 (RLIN) 22390
830 00 - PUNTO DE ACCESO ADICIONAL DE SERIE-TÍTULO UNIFORME
Título uniforme Colección educación y familia (Desclée de Brouwer)
9 (RLIN) 182029
852 ## - LOCALIZACIÓN
Ubicación ES-MaACL
Número de control de estantería C-7905
Holdings
Estatus retirado Estado de pérdida Estado de daño No para préstamo Biblioteca de origen Biblioteca actual Ubicación en estantería Fecha de adquisición Fuente de adquisición Total de préstamos Signatura topográfica completa Código de barras Visto por última vez Precio de reemplazo Tipo de ítem Koha
        Biblioteca del Ateneo de Madrid Biblioteca del Ateneo de Madrid Sala Palomar 12/04/2018     C-7905 1198686 23/02/2023 23/02/2023 Libro impreso